Online
Catalog

Diccionario biográfico de los restauradores de la República / (Record no. 182)

MARC details
000 -CABECERA
campo de control de longitud fija 01856nam a2200277 a 4500
001 - NÚMERO DE CONTROL
campo de control 000000182
005 - FECHA Y HORA DE LA ÚLTIMA TRANSACCIÓN
campo de control 20250401135740.0
008 - DATOS DE LONGITUD FIJA--INFORMACIÓN GENERAL
campo de control de longitud fija 081127s2007 dr ac 001 0 spa d
020 ## - NÚMERO INTERNACIONAL ESTÁNDAR DEL LIBRO
Número Internacional Estándar del Libro 9789945859126
020 ## - NÚMERO INTERNACIONAL ESTÁNDAR DEL LIBRO
Número Internacional Estándar del Libro 9945859129
040 ## - FUENTE DE LA CATALOGACIÓN
Centro catalogador/agencia de origen DO-SdBNP
Lengua de catalogación spa
Centro/agencia transcriptor BNPHU
082 ## - NÚMERO DE LA CLASIFICACIÓN DECIMAL DEWEY
Número de clasificación R 923.2
Número de documento/Ítem C436d
100 1# - ENTRADA PRINCIPAL--NOMBRE DE PERSONA
Nombre de persona Chaljub Mejía, Rafael
Fechas asociadas al nombre 1942-
9 (RLIN) 18985
245 10 - MENCIÓN DE TÍTULO
Título Diccionario biográfico de los restauradores de la República /
Mención de responsabilidad, etc. Rafael Chaljub Mejía ; presentación Daniel Toribio.
260 ## - PUBLICACIÓN, DISTRIBUCIÓN, ETC.
Lugar de publicación, distribución, etc. Santo Domingo :
Nombre del editor, distribuidor, etc. BanReservas,
Fecha de publicación, distribución, etc. 2007.
300 ## - DESCRIPCIÓN FÍSICA
Extensión 319 p. :
Otras características físicas il., retrs. ;
Dimensiones 23 cm.
490 1# - MENCIÓN DE SERIE
Mención de serie Banreservas. Serie historia, segunda época
Designación de volumen o secuencia 2
504 ## - NOTA DE BIBLIOGRAFÍA, ETC.
Nota de bibliografía, etc. Bibliografia: p. 313-314
505 0# - NOTA DE CONTENIDO CON FORMATO
Título Daniel Toribio administrador general del Banco de Reservas de la República Dominicana --
-- Palabras del autor --
-- Abad, Juan Manuel --
-- Baéz, Carlos --
-- Caba, Antonio --
-- Chanlatte, José Aniceto - Baúl --
-- Daniel, Remigio --
-- Erazo, Juan --
-- Favard, Juan Enrique --
-- García, Federico de Jesús --
-- Heneken, Teodoro Stanley --
-- Imbert, Segundo --
-- Jiménez, Manuel De Jesús (Caravana) --
-- Kingsley, Oceoba --
-- Laffite, Juan o Juan Nouesí --
-- Maldonado, Blas --
-- Núñez, Eusebio --
-- Ogando, Andrés (Mano Andrés) --
-- Paradas, Juan Bautista -- .
-- Quezada, Miguel --
-- Redondo o Arredondo, Isaías --
-- Salcedo, José Antonio (Pepillo) --
-- Tavera, Fernando --
-- Ureña, Basilio --
-- Valverde y Lara, Pedro --
-- Zafra, Juan Bautista --
-- Bibliografía --
-- Apéndice fotográfico.
650 #4 - PUNTO DE ACCESO ADICIONAL DE MATERIA--TÉRMINO DE MATERIA
Término de materia o nombre geográfico como elemento de entrada República dominicana
Subdivisión general Historia
Subdivisión cronológica RESTAURACIÓN, 1863-1865
9 (RLIN) 585
650 #4 - PUNTO DE ACCESO ADICIONAL DE MATERIA--TÉRMINO DE MATERIA
Término de materia o nombre geográfico como elemento de entrada Políticos
Subdivisión geográfica República Dominicana
Subdivisión general Biografías
-- Diccionarios
9 (RLIN) 586
650 #4 - PUNTO DE ACCESO ADICIONAL DE MATERIA--TÉRMINO DE MATERIA
Término de materia o nombre geográfico como elemento de entrada Biografías
Subdivisión de forma DICCIONARIOS
Subdivisión geográfica República Dominicana
9 (RLIN) 587
700 12 - PUNTO DE ACCESO ADICIONAL--NOMBRE DE PERSONA
Nombre de persona Toribio, Daniel
9 (RLIN) 588
830 #0 - PUNTO DE ACCESO ADICIONAL DE SERIE-TÍTULO UNIFORME
Título uniforme Banreservas.
Nombre de parte o sección de la obra Serie historia, segunda época
Número de parte o sección de la obra 2
9 (RLIN) 589
910 ## - DATOS DE OPCIÓN DEL USUARIO (OCLC)
Datos de opción del usuario Validado. Control de calidad MMOLINA
Holdings
Estado de retiro Estado de pérdida Restricciones de uso No para préstamo Código de colección Localización permanente Ubicación/localización actual Ubicación en estantería Fecha de adquisición Número de inventario Total de préstamos Signatura topográfica completa Código de barras Fecha visto por última vez Número de copia Precio válido a partir de Tipo de ítem Koha Fuente de adquisición
    Préstamo interno Préstamo en sala Dominicana de Servicio Biblioteca Nacional Pedro Henríquez Ureña Biblioteca Nacional Pedro Henríquez Ureña Depósito 20.07.2009 LF1   R 923.2 C436d 182-30 25.06.2020 e. 3 25.06.2020 Libros y folletos  
    Préstamo interno Préstamo en sala Dominicana de Servicio Biblioteca Nacional Pedro Henríquez Ureña Biblioteca Nacional Pedro Henríquez Ureña Depósito 21.07.2009 LF1   R 923.2 C436d 182-40 25.06.2020 e. 4 25.06.2020 Libros y folletos  
      Préstamo en sala Dominicana de Servicio Biblioteca Nacional Pedro Henríquez Ureña Biblioteca Nacional Pedro Henríquez Ureña Depósito 11.02.2014 LF1   R 923.2 C436d 182-50 25.06.2020 e. 5 25.06.2020 Libros y folletos  
      Excluido de préstamo Patrimonio Dominicano Biblioteca Nacional Pedro Henríquez Ureña Biblioteca Nacional Pedro Henríquez Ureña Depósito 22.06.2009 LF1   R 923.2 C436d 182-10 25.06.2020   25.06.2020 No se presta 001601
      Excluido de préstamo Patrimonio Dominicano Biblioteca Nacional Pedro Henríquez Ureña Biblioteca Nacional Pedro Henríquez Ureña Depósito 22.06.2009 LF1   R 923.2 C436d 182-20 25.06.2020 e. 2 25.06.2020 No se presta 001602

Powered by Koha